Dennis Quaid Movies - Statistics

General Stats
  • This quiz has been taken 15 times
    7 since last reset
  • The average score is 11 of 92
Answer Stats
Year Movie % Correct
2004 The Day After Tomorrow
100%
1999 Any Given Sunday
50%
1979 Breaking Away
50%
2003 Cold Creek Manor
50%
1990 Come See the Paradise
50%
1996 DragonHeart
50%
1984 Dreamscape
50%
2002 Far From Heaven
50%
2009 G.I. Joe: The Rise of Cobra
50%
1987 Interspace
50%
1983 Jaws 3-D
50%
2023 Reagan
50%
1998 Savior
50%
1995 Something to Talk About
50%
1997 Switchback
50%
1986 The Big Easy
50%
1983 The Right Stuff
50%
1993 Undercover Blues
50%
2008 Vantage Point
50%
1994 Wyatt Earp
50%
2019 A Dog's Journey
0%
2017 A Dog's Purpose
0%
1981 All Night Long
0%
2006 American Dreamz
0%
2021 American Underdog: The Kurt Warner Story
0%
1978 Are You in the House Alone?
0%
2012 At Any Price
0%
2007 Battle for Terra
0%
2011 Beneath the Darkness
0%
1981 Bill
0%
1983 Bill: On His Own
0%
2021 Blue Miracle
0%
2021 Born a Champion
0%
1981 Caveman
0%
1975 Crazy Mama
0%
2001 Dinner with Friends
0%
1988 D.O.A.
0%
1985 Enemy Mine
0%
1988 Everybody's All American
0%
1998 Everything That Rises
0%
1993 Flesh and Bone
0%
2004 Flight of the Phoenix
0%
2011 Footloose
0%
2000 Frequency
0%
1997 Gang Related
0%
2011 Ghost of New Orleans
0%
1980 Gorp
0%
1989 Great Balls of Fire!
0%
2009 Horseman
0%
2018 I Can Only Imagine
0%
1977 I Never Promised You a Rose Garden
0%
2004 In Good Company
0%
1982 Johnny Belinda
0%
1994 Kidnapped
0%
2018 Kin
0%
2010 Legion
0%
2017 Mad Families
0%
2019 Midway
0%
1986 Modern Girls
0%
2013 Movie 43
0%
2023 On a Wing and a Prayer
0%
1978 Our Winning Season
0%
2009 Pandorum
0%
1998 Playing by Heart
0%
2012 Playing for Keeps
0%
1990 Postcards From the Edge
0%
TBD Saurus City
0%
1977 September 30, 1955
0%
2008 Smart People
0%
2011 Soul Surfer
0%
2022 Strange World
0%
1981 Stripes
0%
1987 Suspect
0%
2004 The Alamo
0%
2008 The Express
0%
2019 The Intruder
0%
1980 The Long Riders
0%
1981 The Night the Lights Went Out in Georgia
0%
1998 The Parent Trap
0%
2018 The Pretenders
0%
2002 The Rookie
0%
1978 The Seniors
0%
2010 The Special Relationship
0%
2022 The Tiger Rising
0%
TBD The Tiger Rising
0%
2012 The Words
0%
1983 Tough Enough
0%
2000 Traffic
0%
2015 Truth
0%
2012 What to Expect When You're Expecting
0%
1993 Wilder Napalm
0%
2005 Yours, Mine and Ours
0%
No matching quizzes found
Score Distribution
Percent of People with Each Score
Percentile by Number Answered
Your Score History
You have not taken this quiz since the last reset